| 000 | 01253nam2a2200277 4500 | ||
|---|---|---|---|
| 001 | RU\NLR\BIBL_A\012763184 | ||
| 005 | 20231113111259.0 | ||
| 010 |
_a978-5-389-14111-7 _915000 |
||
| 021 |
_aRU _bАЛ-П-21-00178и _9АЛ-П-21-0158 |
||
| 021 |
_aRU _bАЛ-П-23-00889и _9АЛ-П-23-0188 |
||
| 035 | _a(NLR Aleph) 012763184 | ||
| 090 |
_a13068966 _c13068966 |
||
| 100 | _a20220415d2021 u y0rusy50 ca | ||
| 101 | 1 |
_arus _cjpn |
|
| 102 | _aRU | ||
| 105 | _aa|||t|||000ay | ||
| 200 | 1 | _aОдним ударом & секрет силы | |
| 210 | _d2021 | ||
| 215 |
_a373, [26] с. _cил. |
||
| 327 | 1 | _aСодерж.: Кн. 1: Одним ударом; Кн. 2: Секрет силы | |
| 461 | 0 |
_1001RU\NLR\BIBL_A\012763164 _12001#$aOne-Punch Man$eманга$fOne$g[перевод с японского Кристины Огневой]$gхудожник Юскэ Мурата$v01 _1700#0$aOne$cпсевдоним, мангака$3RU\NLR\AUTH\770194794 _913068905 _aOne (псевдоним, мангака) _cСанкт-Петербург _d2021 _fOne _nАзбука _oманга _tOne-Punch Man _v01 |
|
| 942 | _cBOOK | ||
| 980 | _aNB | ||